Statistics for Bollywood movies listed in IMDB top 250

Click here to take the quiz!

General Stats

  • This quiz has been taken 85 times
  • The average score is 4 of 8

Answer Stats

Year released, listingAnswer% Correct
2009, 813 Idiots
89%
2016, 93Dangal
69%
2014, 244PK
56%
2001, 236Lagaan
41%
2007, 84Taare Zameen Par
38%
2006, 216Rang De Basanti
31%
2018, 175Andhadhun
23%
2012, 237Gangs of Wasseypur
18%

Score Distribution

Percentile by Number Answered

Percent of People with Each Score

Your Score History

You have not taken this quiz